00398nam a2200109Ia 4500008004100000100002300041245009800064260003900162300001200201650001500213856006000228160712s9999 xx 000 0 und d aCayanan, Arthur S. cArthur S. CayananaDeregulation and Its Effects on Telecom Companies’ Financial Performance c2016bPhilippine Management Review avol. 23 xMANAGEMENT uhttp://journals.upd.edu.ph/index.php/pmr/issue/view/540